000 00791nam a2200229Ia 4500
003 GCL
005 20240530095349.0
008 140319s9999 xx 000 0 ara d
020 _a3034617977
040 _aGCL /
_cGCL
082 0 4 _a327.20962
_bق/ف د
100 1 _aفطين احمد فريد
245 1 0 _aالدبلوماسية المصرية وأزمة السويس :
_b26 يوليو - 29 يوليو 1956 /
_cفطين احمد فريد
250 _aالاولى
300 _a404 ص ؛
_c24 سم
650 0 4 _aالدبلوماسية
650 0 4 _aالدبلوماسيون
650 0 4 _aالاعتداء الثلاثى على مصر 1956
650 0 4 _aمصر - العلاقات الخارجية
650 0 4 _aمصر - تاريخ - العصر الحديث
942 _2ddc
_cBK
999 _c6499
_d6499